<?xml version="1.0" encoding="UTF-8"?><marc:collection xmlns:marc="http://www.loc.gov/MARC21/slim">
  <marc:record>
    <marc:leader>00000nam##2200000za#4500</marc:leader>
    <marc:controlfield tag="001">9.639144</marc:controlfield>
    <marc:controlfield tag="003">CaOODSP</marc:controlfield>
    <marc:controlfield tag="005">20210624222022</marc:controlfield>
    <marc:controlfield tag="007">cr |||||||||||</marc:controlfield>
    <marc:controlfield tag="008">150407|2001||||xxc|||||o    f|0| 0 fre|d</marc:controlfield>
    <marc:datafield tag="040" ind1=" " ind2=" ">
      <marc:subfield code="a">CaOODSP</marc:subfield>
      <marc:subfield code="b">fre</marc:subfield>
    </marc:datafield>
    <marc:datafield tag="043" ind1=" " ind2=" ">
      <marc:subfield code="a">n-cn---</marc:subfield>
    </marc:datafield>
    <marc:datafield tag="086" ind1="1" ind2=" ">
      <marc:subfield code="a">En134-32/2001F-PDF</marc:subfield>
    </marc:datafield>
    <marc:datafield tag="110" ind1="2" ind2=" ">
      <marc:subfield code="a">Table ronde nationale sur l'environnement et l'économie (Canada)</marc:subfield>
    </marc:datafield>
    <marc:datafield tag="245" ind1="1" ind2="3">
      <marc:subfield code="a">La gestion des substances potentiellement toxiques au Canada : </marc:subfield>
      <marc:subfield code="h">[ressource électronique]</marc:subfield>
      <marc:subfield code="b">un rapport de la série L'État du débat de la Table ronde nationale sur l'environnement et l'économie </marc:subfield>
    </marc:datafield>
    <marc:datafield tag="246" ind1="1" ind2=" ">
      <marc:subfield code="a">L'etat du débat</marc:subfield>
    </marc:datafield>
    <marc:datafield tag="260" ind1=" " ind2=" ">
      <marc:subfield code="b">Table ronde nationale sur l'environnement et l'économie </marc:subfield>
      <marc:subfield code="c">[2001].</marc:subfield>
    </marc:datafield>
    <marc:datafield tag="300" ind1=" " ind2=" ">
      <marc:subfield code="a">99p.</marc:subfield>
      <marc:subfield code="b">figures, graphique, ill. (certaines en couleur), références, tableaux</marc:subfield>
    </marc:datafield>
    <marc:datafield tag="500" ind1=" " ind2=" ">
      <marc:subfield code="a">«Les rapports de la nouvelle série de la TRNEE «L'État du débat» présentent une synthèse des résultats des consultations menées auprès des intervenants sur les débouches qui pourraient s'offrir au développement durable. Ils présentent également de manière sommaire l'ampleur du consensus et les motifs de divergence. Ils étudient en outre les conséquences de l'action ou de l'inaction, et préconisent des mesures précises que certains intervenants peuvent prendre pour promouvoir le développement durable.»--Mandat. Données de catalogage avant publication (Canada) sont imprimées sur cette publication. «En 1998, la Table ronde nationale sur l'environnement et l'économie (TRNEE) a entrepris une enquête multilatérale pour savoir comment le gouvernement évalue les substances chimiques et comment il prend les décisions relatives à leur utilisation. Ce rapport montre en détail les résultats de cette enquête et présente 11 recommandations visant à améliorer le processus décisionnel conçu pour protéger les Canadiens des impacts sur la santé qui pourraient découler d'un contact avec des produits chimiques dangereux présents dans l'air, l'eau, le sol et les aliments.»--Page 3.</marc:subfield>
    </marc:datafield>
    <marc:datafield tag="520" ind1="3" ind2=" ">
      <marc:subfield code="a">Les rapports de la nouvelle série de la TRNEE L'État du débat présentent une synthèse des résultats des consultations menées auprès des intervenants sur les débouches qui pourraient s'offrir au développement durable. Ils présentent également de manière sommaire l'ampleur du consensus et les motifs de divergence. Ils étudient en outre les conséquences de l'action ou de l'inaction, et préconisent des mesures précises que certains intervenants peuvent prendre pour promouvoir le développement durable.--Mandat En 1998, la Table ronde nationale sur l'environnement et l'économie (TRNEE) a entrepris une enquête multilatérale pour savoir comment le gouvernement évalue les substances chimiques et comment il prend les décisions relatives à leur utilisation. Ce rapport montre en détail les résultats de cette enquête et présente 11 recommandations visant à améliorer le processus décisionnel conçu pour protéger les Canadiens des impacts sur la santé qui pourraient découler d'un contact avec des produits chimiques dangereux présents dans l'air, l'eau, le sol et les aliments.--Page 3</marc:subfield>
    </marc:datafield>
    <marc:datafield tag="590" ind1=" " ind2=" ">
      <marc:subfield code="a">11-17-Supp</marc:subfield>
      <marc:subfield code="b">2011-09-12</marc:subfield>
    </marc:datafield>
    <marc:datafield tag="691" ind1="0" ind2="7">
      <marc:subfield code="a">Produit toxique</marc:subfield>
      <marc:subfield code="2">gcpds</marc:subfield>
    </marc:datafield>
    <marc:datafield tag="691" ind1="0" ind2="7">
      <marc:subfield code="a">Gestion de l'environnement</marc:subfield>
      <marc:subfield code="2">gcpds</marc:subfield>
    </marc:datafield>
    <marc:datafield tag="691" ind1="0" ind2="7">
      <marc:subfield code="a">Lutte contre la pollution</marc:subfield>
      <marc:subfield code="2">gcpds</marc:subfield>
    </marc:datafield>
    <marc:datafield tag="691" ind1="0" ind2="7">
      <marc:subfield code="a">Substance chimique</marc:subfield>
      <marc:subfield code="2">gcpds</marc:subfield>
    </marc:datafield>
    <marc:datafield tag="775" ind1="0" ind2="8">
      <marc:subfield code="t">Managing potentially toxic substances in Canada : </marc:subfield>
      <marc:subfield code="w">(CaOODSP)9.694983</marc:subfield>
    </marc:datafield>
    <marc:datafield tag="776" ind1="0" ind2="#">
      <marc:subfield code="t">La gestion des substances potentiellement toxiques au Canada : </marc:subfield>
      <marc:subfield code="w">(CaOODSP)9.681574</marc:subfield>
    </marc:datafield>
    <marc:datafield tag="856" ind1="4" ind2="0">
      <marc:subfield code="a">http://publications.gc.ca</marc:subfield>
      <marc:subfield code="q">PDF</marc:subfield>
      <marc:subfield code="s">704 Ko</marc:subfield>
      <marc:subfield code="u">https://publications.gc.ca/collections/Collection/En134-32-2001F.pdf</marc:subfield>
    </marc:datafield>
  </marc:record>
</marc:collection>
